000 00422nam a22001697a 4500
003 NUST - PNEC
005 20170116181154.0
008 160108b xxu||||| |||| 00| 0 eng d
020 _a-
040 _cLIBRARY
082 _a954.03 EDW
100 _915750
_aEdwardes, Michael
245 _aThe last years of british india
_cMichael Edwardes
260 _cc.1963
650 _915751
_aIndia
_xGeneral
942 _2ddc
_cBK
999 _c71116
_d71116